Geography and Trade
Saved in:
| Main Author: | |
|---|---|
| Format: | Book |
| Language: | English |
| Published: |
Leuven
Leuven University Press
1993
|
| Edition: | 1. ed. |
| Series: | Gaston Eyskens Lecture Series
|
| Subjects: | |
| Tags: |
No Tags, Be the first to tag this record!
|
MARC
| LEADER | 00000nam a2200000 4500 | ||
|---|---|---|---|
| 001 | c014782 | ||
| 005 | 20221214083532.8 | ||
| 020 | |a 0-262-61086-8 | ||
| 041 | 0 | |a eng | |
| 044 | |a BE | ||
| 245 | 1 | 0 | |a Geography and Trade |c Paul Krugman |
| 250 | |a 1. ed. | ||
| 264 | 1 | |a Leuven |b Leuven University Press |c 1993 | |
| 300 | |a 142 s. | ||
| 490 | 1 | |a Gaston Eyskens Lecture Series | |
| 830 | 0 | |a Gaston Eyskens Lecture Series | |
| 610 | 2 | 0 | |a obchod |
| 610 | 2 | 0 | |a geografia hospodárska |
| 610 | 2 | 0 | |a modely matematické |
| 610 | 2 | 0 | |a hospodárstvo regionálne |
| 610 | 2 | 0 | |a produkcia |
| 610 | 2 | 0 | |a priemysel |
| 610 | 2 | 0 | |a USA |
| 100 | 1 | |a Krugman, Paul | |